Statistics for Tallest Buildings in the World Countries

Click here to take the quiz!

General Stats

  • This quiz has been taken 535 times
    (164 since last reset)
  • The average score is 34 of 46

Answer Stats

Height Building Country % Correct
2,073 ftShanghai TowerChina
99%
2,717 ftBurj KhalifaUnited Arab Emirates
97%
1,614 ftShanghai World Financial CenterChina
94%
1,776 ftOne World Trade CenterUnited States
93%
1,739 ftGuangzhou CTF Finance CenterChina
92%
1,437 ftWuhan CenterChina
92%
1,971 ftAbraj Al-Bait Clock TowerSaudi Arabia
91%
1,732 ftTianjin CTF Finance CenterChina
91%
1,440 ftGuangzhou International Finance CenterChina
90%
1,965 ftPing An Finance CenterChina
89%
1,390 ftTrump International Hotel And TowerUnited States
89%
1,667 ftTaipei 101Taiwan
89%
1,397 ft432 Park AvenueUnited States
89%
1,470 ftSuzhou IFS TowerChina
88%
1,450 ftWillis TowerUnited States
88%
1,388 ftJin Mao TowerChina
87%
1,476 ftZifeng TowerChina
87%
1,483 ftChangsha IFS Tower T1China
87%
1,806 ftCN TowerCanada
85%
1,288 ftChina Resources HeadquartersChina
85%
1,449 ftKK100China
84%
1,250 ftEmpire State BuildingUnited States
83%
1,480 ftPetronas TowersMalaysia
80%
1,588 ftInternational Commerce CenterChina
79%
1,200 ftBank of America TowerUnited States
79%
1,205 ftBank of China TowerChina
79%
1,260 ftShun Hing SquareChina
79%
1,273 ftShum Yup Upper Hills Tower 1China
78%
1,166 ftJW Marriott Marquis Dubai TowersUnited Arab Emirates
76%
1,251 ftBurj Mohammed bin RashidUnited Arab Emirates
75%
1,352 ftTwo International Finance CenterChina
73%
1,280 ftCITIC PlazaChina
72%
1,257 ftEton Place Dalian Tower 1China
71%
1,358 ftPrincess TowerUnited Arab Emirates
59%
1,227 ftCentral PlazaChina
57%
1,287 ft23 MarinaUnited Arab Emirates
56%
1,394 ftMarina 101United Arab Emirates
56%
1,819 ftLotte World TowerSouth Korea
54%
1,354 ftAl Hamra TowerKuwait
52%
1,251 ftLogan Century Center 1China
51%
1,191 ftAlmas TowerUnited Arab Emirates
46%
1,248 ftElite ResidenceUnited Arab Emirates
44%
1,225 ftFederation TowerRussia
43%
1,207 ftThe Address The BLVDUnited Arab Emirates
41%
1,263 ftCapital Market Authority HeadquartersSaudi Arabia
28%
1,253 ftAbu Dhabi PlazaKazakhstan
19%

Score Distribution

Percentile by Number Answered

Percent of People with Each Score

Your Score History

You have not taken this quiz since the last reset